Statistics for Canadian Provinces/Territories With A UNESCO World Heritage Site

Click here to take the quiz!

General Stats

  • This quiz has been taken 32 times
  • The average score is 6 of 9

Answer Stats

UNESCO Site(s)Province/Territory% Correct
Canadian Rocky Mountain Parks, Dinosaur Provincial Park, Head-Smashed-In Buffalo Jump, Waterton Glacier International Peace Park*, Wood Buffalo National ParkAlberta
100%
Anticosti, Historic District of Old Québec, Miguasha National ParkQuebec
100%
Canadian Rocky Mountain Parks, Kluane / Wrangell-St Elias / Glacier Bay / Tatshenshini-Alsek*, SG̱ang GwaayBritish Columbia
93%
Gros Morne National Park, L'Anse aux Meadows National Historic Site, Mistaken Point, Red Bay Basque Whaling StationNewfoundland and Labrador
82%
Joggins Fossil Cliffs, Landscape of Grand-Pré, Old Town LunenburgNova Scotia
64%
Kluane / Wrangell-St Elias / Glacier Bay / Tatshenshini-Alsek*, Tr’ondëk-KlondikeYukon
54%
Pimachiowin Aki, Rideau CanalOntario
50%
Nahanni National Park, Wood Buffalo National Park, Writing-on-Stone / Áísínai'piNorthwest Territories
43%
Pimachiowin AkiManitoba
32%

Score Distribution

Percentile by Number Answered

Percent of People with Each Score

Your Score History

You have not taken this quiz